[Event "TCh-CZE Extraliga 2015-16"]
[Site "Czech Republic CZE"]
[Date "2016.04.15"]
[Round "9.1"]
[White "Sodoma,J"]
[Black "Kriebel,T"]
[Result "0-1"]
[WhiteElo "2340"]
[BlackElo "2465"]

1.d4 Nf6 2.c4 c5 3.d5 e6 4.Nc3 exd5 5.cxd5 d6 6.Nf3 g6 7.Nd2 Bg7 8.e4 O-O
9.Be2 Re8 10.O-O Nbd7 11.Qc2 Ne5 12.Re1 Nh5 13.Nf3 f5 14.Bd2 Nf7 15.exf5 Bxf5
16.Bd3 Rxe1+ 17.Rxe1 Bg4 18.Be4 Qf6 19.h3 Bd7 20.Nd1 Re8 21.Bc3 Qd8 22.Ne3 Bxc3
23.bxc3 Nf4 24.c4 Ng5 25.Nxg5 Qxg5 26.Kf1 Qh6 27.Rb1 b6 28.a4 Rf8 29.Ke1 Bxh3
30.gxh3 Nxh3 31.Nd1 Qg5 32.f3 Rf4 33.Rb2 Rh4 34.Qg2 Qh6 35.Qd2 Ng5 36.Qe3 Rh1+
37.Ke2 Qh2+ 38.Nf2 Rg1 39.Kd3 Qe5 40.Kc2 Nf7 41.Nd3 Qg3 42.Kb3 Ra1 43.Qf2 Qg5
44.f4 Qf6 45.Bg2 Nd8 46.Ra2 Nb7 47.Rxa1 Qxa1 48.Nb2 Na5+ 49.Kc2 Nxc4 50.Nxc4 Qxa4+
51.Kd2 Qxc4 52.Qh4 Qb4+ 53.Ke3 Qc3+ 54.Ke2 Qc2+ 55.Ke3 Qc3+ 56.Ke2 Qg7 57.Bh3 Qb2+
58.Ke1 Qc3+ 59.Kf2 Qd2+ 60.Kg1 Qe3+ 61.Kh2 Kg7 62.Be6 Qd2+ 63.Kg3 Qe1+ 64.Kh3 Qh1+
65.Kg3 Qxh4+ 66.Kxh4 c4 67.Bg4 c3 68.Bd1 b5 69.Kg4 a5 70.Kf3 a4 71.Ke3 a3
72.Bb3 h5 73.Kd3 b4  0-1

[Event "TCh-HUN 2015-16"]
[Site "Hungary HUN"]
[Date "2016.04.16"]
[Round "8.3"]
[White "Farago,I"]
[Black "Nagy,Ga1"]
[Result "1/2-1/2"]
[WhiteElo "2402"]
[BlackElo "2393"]

1.d4 Nf6 2.c4 e6 3.Nf3 c5 4.d5 d6 5.Nc3 exd5 6.cxd5 g6 7.Nd2 Bg7 8.e4 O-O
9.Be2 Na6 10.O-O Re8 11.f3 Nc7 12.a4 b6 13.Nc4 Ba6 14.Bg5 Qd7 15.Rb1 Bxc4
16.Bxc4 a6 17.b4 b5 18.Bd3 Nh5 19.Qd2 c4 20.Bc2 bxa4 21.g4  1/2-1/2

[Event "TCh-SUI 2016"]
[Site "Switzerland SUI"]
[Date "2016.04.17"]
[Round "2.2"]
[White "Edouard,R"]
[Black "Zeller,F"]
[Result "1/2-1/2"]
[WhiteElo "2620"]
[BlackElo "2395"]

1.d4 Nf6 2.c4 e6 3.Nf3 c5 4.d5 d6 5.Nc3 exd5 6.cxd5 g6 7.Bf4 a6 8.a4 Bg7
9.h3 O-O 10.e3 Re8 11.Nd2 Nbd7 12.Be2 Ne5 13.Bh2 g5 14.O-O g4 15.Bxe5 Rxe5
16.hxg4 Nxd5 17.Nxd5 Rxd5 18.Qc2 Qe7 19.Nc4 Rg5 20.Rfd1 Bxg4 21.Bxg4 Rxg4
22.Nxd6 Qe5 23.Rab1 c4 24.e4 Qf4 25.g3 Bf8 26.Nxc4 Bc5 27.Kg2 Bxf2 28.Qxf2 Qxe4+
29.Qf3 Qxf3+ 30.Kxf3 Rxc4 31.Rd7 Rb4 32.Re1 Rb3+ 33.Re3 Rxb2 34.Ree7 Rb3+
35.Kg2 Rb2+ 36.Kf3 Rb3+ 37.Kg2 Rb2+  1/2-1/2

[Event "18th Dubai Open 2016"]
[Site "Dubai UAE"]
[Date "2016.04.18"]
[Round "8.17"]
[White "Kovalenko,I"]
[Black "Rathnakaran,K"]
[Result "1-0"]
[WhiteElo "2662"]
[BlackElo "2456"]

1.d4 Nf6 2.c4 c5 3.d5 e6 4.Nc3 exd5 5.cxd5 d6 6.Nf3 g6 7.Nd2 a6 8.a4 Nbd7
9.e4 Bg7 10.Be2 O-O 11.O-O Rb8 12.Re1 Re8 13.Rb1 g5 14.Qc2 Ne5 15.Nf1 h6
16.Ng3 Bd7 17.b4 cxb4 18.Rxb4 Qc7 19.Qb3 Rec8 20.Bd2 a5 21.Rb6 Bg4 22.Rb5 Bd7
23.Rb6 Bg4 24.Rc1 Bxe2 25.Ncxe2 Nc4 26.Be3 Ng4 27.Rb5 Nge5 28.Ba7 Ra8 29.Rxb7 Qd8
30.Bd4 g4 31.Bxe5 Nxe5 32.Rxc8 Rxc8 33.Nf5 Bf8 34.h4 gxh3 35.Qxh3 Rc2 36.Neg3 Qc8
37.Rb1 Qc3 38.Nh5 Nd3 39.Qxd3 Qxd3 40.Nf6+  1-0

[Event "80th ch-BUL 2016"]
[Site "Pleven BUL"]
[Date "2016.04.22"]
[Round "5.3"]
[White "Rusev,K"]
[Black "Danov,Radi"]
[Result "1-0"]
[WhiteElo "2553"]
[BlackElo "2333"]

1.d4 Nf6 2.c4 c5 3.d5 e6 4.Nf3 exd5 5.cxd5 d6 6.Nc3 g6 7.e4 Bg7 8.Nd2 O-O
9.Be2 a6 10.a4 Re8 11.O-O Nbd7 12.Ra3 b6 13.Qc2 Nh5 14.Bxh5 gxh5 15.Ne2 Ne5
16.f4 Ng4 17.f5 Be5 18.Nf3 Bf6 19.Nf4 h4 20.Nh5 h6 21.h3 Ne5 22.Bxh6 Kh7
23.Bf4 Nxf3+ 24.Raxf3 Rg8 25.Rb3 Bd4+ 26.Kh1 f6 27.Qe2 Be5 28.Qe1 Rg5 29.Qxh4 Bxf4
30.Rxf4 Kg8 31.Nxf6+ Qxf6 32.Rg3  1-0

[Event "Olkhovskiy Mem Rapid 2016"]
[Site "Vinnytsia UKR"]
[Date "2016.04.23"]
[Round "5.6"]
[White "Sergeev,Vl"]
[Black "Rozhok,Alexey"]
[Result "1-0"]
[WhiteElo "2435"]
[BlackElo "2132"]

1.d4 Nf6 2.Nf3 c5 3.d5 e6 4.c4 exd5 5.cxd5 d6 6.Nc3 g6 7.Bf4 Nh5 8.Bg5 f6
9.Bh4 g5 10.Bg3 Bf5 11.e3 Nxg3 12.hxg3 Nd7 13.Bd3 Bxd3 14.Qxd3 Qe7 15.Qf5 O-O-O
16.g4 Kb8 17.Ne4 h6 18.Ng3 Qh7 19.Qxh7 Rxh7 20.Nf5 Re8 21.Ke2 Ne5 22.Rad1 Nxg4
23.Nd2 Re5 24.e4 Re8 25.f3 Ne5 26.g4 Kc7 27.b3 b5 28.Nf1 a5 29.Rb1 Ng6 30.N1e3 Nf4+
31.Kd2 Kb6 32.a4  1-0

[Event "ch-VIE 2016"]
[Site "Hue VIE"]
[Date "2016.05.02"]
[Round "7.6"]
[White "Hoang Van Ngoc"]
[Black "Hoang Canh Huan"]
[Result "0-1"]
[WhiteElo "2204"]
[BlackElo "2408"]

1.d4 Nf6 2.Nf3 e6 3.c4 c5 4.d5 exd5 5.cxd5 d6 6.Nc3 g6 7.e4 Bg7 8.Nd2 O-O
9.Bd3 a6 10.a4 Re8 11.O-O Nbd7 12.f4 Rb8 13.Qf3 Nh5 14.Nc4 Nb6 15.h3 Nxc4
16.Bxc4 Qh4 17.Bd2 Qg3 18.Qe2 Bd4+ 19.Kh1 Bxh3 20.Be1 Bd7 21.Qxh5 Qxe1 22.Qg5 Qd2
23.e5 Rxe5 24.Qxe5 dxe5 25.Ne4 Qc2 26.Nf6+ Kg7 27.Nxd7 Qxc4 28.Nxb8 Qxd5
29.f5 Qd8 30.f6+ Kh6 31.Ra3 g5 32.Rg3 Kg6  0-1

[Event "Ostravsky Konik Open 2016"]
[Site "Ostrava CZE"]
[Date "2016.05.02"]
[Round "3"]
[White "Stepan,Patrik"]
[Black "Kabelka,Ondrej"]
[Result "0-1"]
[WhiteElo "2143"]
[BlackElo "2033"]

1.d4 Nf6 2.c4 c5 3.d5 e6 4.Nc3 exd5 5.cxd5 d6 6.Nf3 g6 7.Nd2 Bg7 8.e4 O-O
9.Be2 Re8 10.O-O Na6 11.f3 Nc7 12.a4 Nd7 13.Nc4 Ne5 14.Ne3 f5 15.f4 Nf7 16.exf5 Nh6
17.fxg6 Bd4 18.gxh7+ Kh8 19.Rf3 Ng4 20.Qd3 Qh4 21.h3 Nxe3 22.Bxe3 Rxe3 23.Rxe3 Qxf4
24.Rf1 Qxe3+ 25.Qxe3 Bxe3+ 26.Kh1 Bd7 27.Rf7 Rd8 28.g4 Bd4 29.Bf3 b5 30.axb5 Nxb5
31.Nxb5 Bxb5 32.Rxa7 Rf8 33.Be4 Be2 34.Rd7 Be5 35.Bg2 Bd3 36.g5 Bxh7 37.h4 Bg6
38.Kg1 Bd4+ 39.Kh2 Bxb2 40.Bh3 Be5+ 41.Kg1 Bf5 42.Bxf5 Rxf5 43.g6 Rh5 44.g7+ Kg8  0-1

[Event "Croatian Cup 2016"]
[Site "Mali Losinj CRO"]
[Date "2016.05.05"]
[Round "2.22"]
[White "Palac,M"]
[Black "Djurovic,G"]
[Result "1-0"]
[WhiteElo "2577"]
[BlackElo "2395"]

1.d4 Nf6 2.c4 e6 3.Nf3 c5 4.d5 d6 5.Nc3 exd5 6.cxd5 g6 7.Bf4 a6 8.a4 Bg7
9.h3 O-O 10.e3 Nh5 11.Bh2 f5 12.Be2 f4 13.O-O fxe3 14.fxe3 Qe7 15.Qd3 Nd7
16.Ne4 Rxf3 17.Bxf3 Ne5 18.Bxe5 Bxe5 19.Bxh5 gxh5 20.Rf3 Bd7 21.Raf1 Bxa4
22.Rf7 Qxf7 23.Rxf7 Kxf7 24.Ng5+ Kf6 25.h4 Rg8 26.Qf1+  1-0

[Event "10th Wunsiedel Open 2016"]
[Site "Wunsiedel GER"]
[Date "2016.05.05"]
[Round "2.11"]
[White "Ruecker,Be"]
[Black "Werle,J"]
[Result "0-1"]
[WhiteElo "2225"]
[BlackElo "2554"]

1.d4 Nf6 2.c4 e6 3.Nf3 c5 4.d5 exd5 5.cxd5 d6 6.Nc3 g6 7.e4 Bg7 8.h3 O-O
9.Bd3 a6 10.a4 Nh5 11.Bg5 Bf6 12.Be3 Nd7 13.O-O Ne5 14.Be2 Nxf3+ 15.Bxf3 Ng7
16.Qd2 Be5 17.Rab1 f5 18.Bg5 Qa5 19.Rfe1 b5 20.Ra1 b4 21.Ne2 Ra7 22.Nf4 c4
23.Rac1 c3 24.bxc3 Bxc3 25.Qe3 Rc7 26.Re2 Re8 27.g4 Qxa4 28.Qb6 Rc4 29.Ne6 Nxe6
30.dxe6 fxg4 31.Bxg4 Bxe6 32.Qxd6 Bxg4 33.hxg4 Qb5 34.Be7 Rc6 35.Qd5+ Qxd5
36.exd5 Rd6 37.Rd1 Kf7 38.Bxd6 Rxe2 39.Rd3 Rd2  0-1

[Event "Cetinje Open 2016"]
[Site "Cetinje MNE"]
[Date "2016.05.06"]
[Round "4.16"]
[White "Damljanovic,B"]
[Black "Karisik,N"]
[Result "1-0"]
[WhiteElo "2560"]
[BlackElo "2169"]

1.d4 Nf6 2.c4 e6 3.Nf3 c5 4.d5 d6 5.Nc3 exd5 6.cxd5 g6 7.Nd2 Bg7 8.e4 O-O
9.Be2 Re8 10.O-O a6 11.a4 Nbd7 12.h3 Qc7 13.Qc2 Rb8 14.a5 b5 15.axb6 Nxb6
16.Re1 Nfd7 17.b3 Ne5 18.Bb2 c4 19.bxc4 Bd7 20.Nd1 Rec8 21.Bc3 f5 22.Rxa6 fxe4
23.Ne3 Bf5 24.Rea1 Qe7 25.Ra7 Qh4 26.Rxg7+ Kxg7 27.Bxe5+ dxe5 28.Qc3 Qe7
29.Ra5 Kg8 30.c5  1-0

[Event "Groninger Combinatie Open"]
[Site "Groningen NED"]
[Date "2016.05.07"]
[Round "5.3"]
[White "Balje,J"]
[Black "Maatman,Nick"]
[Result "0-1"]
[WhiteElo "2207"]
[BlackElo "2291"]

1.d4 Nf6 2.c4 e6 3.Nf3 c5 4.d5 exd5 5.cxd5 d6 6.Nc3 g6 7.g3 Bg7 8.Bg2 O-O
9.O-O a6 10.a4 Re8 11.Bf4 Qc7 12.Rc1 Nbd7 13.h3 Rb8 14.Re1 b5 15.axb5 Nh5
16.Bd2 axb5 17.b4 Qb6 18.g4 Nhf6 19.Rb1 h5 20.g5 Ne4 21.Nxe4 Rxe4 22.Qc2 Rc4
23.Qb3 cxb4 24.Bxb4 Nc5 25.Qa3 Bf5 26.Rbc1 Ne4 27.e3 Qd8 28.h4 Ra8 29.Qb3 Qc8
30.Ba3 Bh3  0-1

[Event "Corum Open 2016"]
[Site "Corum TUR"]
[Date "2016.05.24"]
[Round "2.13"]
[White "Charkhalashvili,I"]
[Black "Aytekin,Murat Eren"]
[Result "1-0"]
[WhiteElo "2329"]
[BlackElo "1899"]

1.d4 Nf6 2.c4 c5 3.d5 e6 4.Nc3 exd5 5.cxd5 d6 6.Nf3 g6 7.e4 Bg7 8.Nd2 O-O
9.Be2 Re8 10.O-O Nbd7 11.Qc2 Ne5 12.h3 g5 13.Nc4 Nxc4 14.Bxc4 g4 15.h4 a6
16.a4 h6 17.g3 Nd7 18.Kg2 Ne5 19.Be2 Rf8 20.Bf4 f5 21.Bxe5 Bxe5 22.exf5 Bxf5
23.Bd3 Qf6 24.Bxf5 Qxf5 25.Qxf5 Rxf5 26.Ne4 Raf8 27.Rad1 Rf3 28.Nd2 R3f5
29.Nc4 Bd4 30.Nxd6 Rxf2+ 31.Rxf2 Rxf2+ 32.Kh1 Rf6 33.Ne4 Rf7 34.d6 Kf8 35.d7 Rxd7
36.Nxc5 Bxc5 37.Rxd7 b6 38.h5 a5 39.Kg2  1-0

[Event "Corum Open 2016"]
[Site "Corum TUR"]
[Date "2016.05.24"]
[Round "3.19"]
[White "Aytekin,Murat Eren"]
[Black "Oz,Irem Ezra"]
[Result "1-0"]
[WhiteElo "1899"]
[BlackElo "1463"]

1.d4 Nf6 2.c4 c5 3.d5 e6 4.Nc3 exd5 5.cxd5 d6 6.Nf3 g6 7.Bf4 a6 8.a4 Bg7
9.h3 O-O 10.e3 Ne8 11.Be2 Nd7 12.O-O Rb8 13.Nd2 Ne5 14.Bh2 f5 15.f4 Nf7 16.e4 Nc7
17.a5 Re8 18.exf5 gxf5 19.Bh5 Qd7 20.Nc4 Na8 21.Bxf7+ Kxf7 22.Qh5+ Kf8 23.Rae1 Nc7
24.Kh1 Bxc3 25.bxc3 Qg7 26.Nxd6 Rxe1 27.Rxe1 Bd7 28.Nxf5 Bxf5 29.Qxf5+ Qf7
30.Qxf7+ Kxf7 31.f5 Rc8 32.c4 Re8 33.Rb1 Na8 34.Rxb7+ Kf6 35.g4 h6 36.Bg3 Kg5
37.d6 Rd8 38.d7 h5 39.Bd6 Kh6 40.Be7 Rg8 41.d8=Q Rxd8 42.Bxd8 hxg4 43.hxg4 Nb6
44.Rxb6+ Kg7 45.g5 Kf7 46.Rb7+ Ke8 47.g6 Kf8 48.Bf6 Ke8 49.Re7+ Kd8 50.g7 Kc8
51.g8=Q+  1-0

[Event "9th Mayors Cup Open 2016"]
[Site "Mumbai IND"]
[Date "2016.06.05"]
[Round "6.3"]
[White "Visakh,N R"]
[Black "Gusain,H"]
[Result "1/2-1/2"]
[WhiteElo "2400"]
[BlackElo "2440"]

1.d4 Nf6 2.c4 c5 3.d5 e6 4.Nc3 exd5 5.cxd5 d6 6.Nf3 g6 7.Bf4 a6 8.a4 Bg7
9.e3 O-O 10.h3 Qe7 11.Be2 Nfd7 12.O-O Ne5 13.Bxe5 Bxe5 14.Nxe5 Qxe5 15.Qd2 Re8
16.Rfe1 Nd7 17.e4 g5 18.Bg4 Nf6 19.f3 h5 20.Bxc8 Raxc8 21.Rf1 h4 22.Nd1 Nh5
23.Ne3 Ng3 24.Rfe1 Qd4 25.Red1 Qxd2 26.Rxd2 f5 27.Nxf5 Nxf5 28.exf5 Re5 29.Ra3 Kg7
30.Rb3 Rc7 31.Rb6 Rd7 32.a5 Kf6 33.b4 c4 34.b5 c3 35.Rc2 axb5 36.Rxc3 Rxd5
37.Rb3 Rd1+ 38.Kf2 Rd2+ 39.Ke3 Rxg2 40.R3xb5 Rh2 41.Rxb7 Rxb7 42.Rxb7 Rxh3
43.Rb4 Rh1 44.Ra4 Kxf5 45.a6 Re1+ 46.Kf2 Re8 47.a7 Ra8 48.Ra5+ Kf4 49.Kg2 Ke3
50.Ra3+ Ke2 51.Ra2+ Kd3 52.Ra5 Ke3 53.Ra3+ Kd4 54.Ra4+ Ke5 55.Kh3 d5 56.Kg4 d4
57.Ra5+ Ke6 58.f4 d3 59.Re5+  1/2-1/2

[Event "16th ch-Euro Seniors +65"]
[Site "Yerevan ARM"]
[Date "2016.06.05"]
[Round "1.18"]
[White "Avetisyan,A"]
[Black "Airapetian,V"]
[Result "1-0"]
[WhiteElo "2124"]
[BlackElo "1837"]

1.d4 Nf6 2.c4 c5 3.d5 e6 4.Nc3 exd5 5.cxd5 d6 6.Nf3 g6 7.g3 Bg7 8.Bg2 O-O
9.O-O Re8 10.Nd2 a6 11.a4 Nbd7 12.Nc4 Ne5 13.Na3 Qc7 14.h3 Rb8 15.Kh2 h6
16.f4 Ned7 17.e4 Nh7 18.Qd3 Nb6 19.a5 Nd7 20.Nc4 b5 21.axb6 Nxb6 22.Na5 c4
23.Qc2 Bd7 24.Nc6 Bxc6 25.dxc6 Qxc6 26.Rxa6 Qc5 27.Rd1 Nf6 28.Qe2 Qc8 29.Ra7 d5
30.e5 Qc6 31.Qf2 Ne4 32.Nxe4 dxe4 33.Rd6 Qb5 34.Bxe4 Bf8 35.Bc6 Qb4 36.Bxe8 Bxd6
37.Bxf7+ Kg7 38.Bxg6+ Be7 39.Bd2 Qxb2 40.Rxe7+ Kxg6 41.f5+  1-0

[Event "ch-FRA Women Rapid 2016"]
[Site "Monteux FRA"]
[Date "2016.06.11"]
[Round "5.1"]
[White "Navrotescu,A"]
[Black "Maisuradze,N"]
[Result "1/2-1/2"]
[WhiteElo "2289"]
[BlackElo "2263"]

1.d4 Nf6 2.c4 e6 3.Nc3 c5 4.d5 exd5 5.cxd5 d6 6.Nf3 g6 7.Bf4 a6 8.a4 Bg7
9.h3 O-O 10.e3 Qe7 11.Be2 Nbd7 12.Nd2 Ne8 13.O-O Ne5 14.Re1 f5 15.Bh2 Nf6
16.f4 Ned7 17.Bf3 Kh8 18.e4 fxe4 19.Ndxe4 Nxe4 20.Nxe4 Bd4+ 21.Kh1 Nb6 22.Nxc5 Qg7
23.Ne6 Bxe6 24.Rxe6 Nc4 25.Re7 Qf6 26.Rxb7 Rab8 27.Rxb8 Rxb8 28.Rc1 Nxb2
29.Qe2 Nxa4 30.Qxa6 Nc5 31.Qc4 Re8 32.Rd1 Bf2 33.Bg1 Bxg1 34.Kxg1 Rf8 35.Qd4 Qxd4+
36.Rxd4 Kg7 37.Kh2 Rb8 38.h4 h6 39.Kg3 Kf6 40.Rd2 Rb4 41.Re2 Rb8 42.Ra2 Rb3
43.Ra8 Ne4+ 44.Kh2 Nd2 45.Bg4 Rd3 46.Be6 Nf1+ 47.Kg1 Ne3 48.Kf2 Nxd5 49.Bxd5 Rxd5  1/2-1/2

[Event "St Louis Inv IM 2016"]
[Site "Saint Louis USA"]
[Date "2016.06.11"]
[Round "7"]
[White "Niemann,Hans M"]
[Black "Hua,L"]
[Result "1/2-1/2"]
[WhiteElo "2298"]
[BlackElo "2277"]

1.d4 Nf6 2.c4 c5 3.d5 e6 4.Nc3 exd5 5.cxd5 d6 6.Nf3 g6 7.Bf4 a6 8.a4 Bg7
9.h3 O-O 10.e3 Qe7 11.Nd2 Nbd7 12.Be2 Ne8 13.O-O Ne5 14.Bh2 f5 15.Qc2 Rb8
16.Rae1 Nf6 17.f4 Nf7 18.Bd3 Qc7 19.e4 c4 20.Nxc4 fxe4 21.Nxe4 Nxe4 22.Bxe4 b5
23.axb5 axb5 24.Ne3 Qxc2 25.Nxc2 Bxb2 26.Rb1 Bg7 27.Nb4 Re8 28.Nc6 Ra8 29.Bd3 Bf5
30.Bxf5 gxf5 31.Rxb5 Ra2 32.Bg3 Bf6 33.Rbb1 Ree2 34.Rf2 Rxf2 35.Bxf2 Rd2
36.Rb5 Rd1+ 37.Kh2 h5 38.g3 Kg7 39.Kg2 Rd3 40.Ra5 Kg6 41.Nb4 Rb3 42.Nc2 Rb2
43.Ne3 Bd4 44.Kf3 Rd2 45.Bg1 Bc5 46.Rb5 Nh6 47.Nc4 Rxd5 48.Nxd6 Rxd6 49.Bxc5 Ra6
50.Rb3 Ng8 51.Rb7 Nf6 52.Bf8 Ne8 53.Re7 Ra3+ 54.Kf2 Ra8 55.Rb7 Ra6 56.Ke3 Re6+
57.Kd4 Re4+ 58.Kd3 h4 59.g4 Rxf4 60.Re7 fxg4 61.Rxe8 gxh3 62.Bd6 Rf6 63.Be5 Rf2
64.Rg8+ Kh5 65.Rg1 Rg2 66.Rf1 Kg4 67.Rf4+ Kg5 68.Rf1 Kg4 69.Rh1 Ra2 70.Bd6 Rb2
71.Ke3 Rb3+ 72.Ke4 Rb2 73.Kd3 Rg2 74.Be5 Ra2 75.Ke4 Re2+ 76.Kd4 Rxe5 77.Kxe5 Kg3
78.Ra1 h2 79.Kf5 Kg2 80.Ra2+ Kg1 81.Kg4 h1=Q 82.Ra1+ Kg2 83.Ra2+ Kg1 84.Ra1+ Kg2
85.Ra2+ Kg1 86.Ra1+  1/2-1/2

[Event "Sharjah 21 Rapid Op 2016"]
[Site "Sharjah UAE"]
[Date "2016.06.12"]
[Round "4.3"]
[White "Grivas,E"]
[Black "Akopian,Vl"]
[Result "0-1"]
[WhiteElo "2482"]
[BlackElo "2675"]

1.d4 Nf6 2.Nf3 e6 3.c4 c5 4.d5 d6 5.Nc3 exd5 6.cxd5 g6 7.e4 a6 8.a4 Bg4 9.Be2 Bxf3
10.Bxf3 Nbd7 11.O-O Bg7 12.Re1 O-O 13.Be2 Re8 14.Bf1 Rc8 15.a5 Nh5 16.Be2 Nhf6
17.Bf1 h6 18.Bf4 Qe7 19.h3 Ne5 20.Bh2 g5 21.Qc2 g4 22.Ne2 Ng6 23.Ng3 Nh4
24.Re3 Qd7 25.Rae1 gxh3 26.gxh3 Kh8 27.Qe2 Rg8 28.Kh1 Nh7 29.Nh5 Bd4 30.Rg3 Rce8
31.Rg4 Rxg4 32.hxg4 Ng5 33.e5 Rxe5 34.Bxe5+ dxe5 35.Bg2 Nxg2 36.Kxg2 Qxd5+
37.f3 Qb3 38.Ng3 Ne6 39.Nh5 Ng5 40.Ng3 Ne6 41.Nh5 Kg8 42.Qe4 Qxb2+ 43.Re2 Qc1
44.Re1 Qb2+ 45.Re2 Qa1 46.Re1 Qxa5 47.Re2 Qa1 48.Re1 Qc3 49.Re2 Qc1 50.Re1 Qg5
51.Re2 Qc1 52.Re1 Nf4+ 53.Nxf4 Qxf4 54.Qxf4 exf4 55.Re7 b5 56.Ra7 b4 57.Rxa6 b3
58.Kf1 c4 59.Ke2 c3  0-1

[Event "7th Dolomiti Open 2016"]
[Site "Forni di Sopra ITA"]
[Date "2016.06.13"]
[Round "2.6"]
[White "Barp,Alberto"]
[Black "Castellanos Rodriguez,R"]
[Result "0-1"]
[WhiteElo "2326"]
[BlackElo "2484"]

1.d4 Nf6 2.c4 e6 3.Nf3 c5 4.d5 d6 5.Nc3 exd5 6.cxd5 g6 7.Nd2 Nbd7 8.e4 Bg7
9.Be2 O-O 10.O-O Re8 11.a4 Ne5 12.Re1 Bg4 13.f3 Bc8 14.Bb5 Re7 15.a5 a6 16.Be2 Re8
17.Qc2 Nh5 18.Nf1 f5 19.f4 Nf7 20.Bxh5 gxh5 21.Be3 fxe4 22.Ng3 h4 23.Ngxe4 Bf5
24.Bf2 h3 25.gxh3 Bg6 26.Qd1 b5 27.axb6 Qxb6 28.Qa4 Rf8 29.Re2 Qd8 30.h4 Qc8
31.Re3 Rb8 32.Qd1 Rxb2 33.h5 Bf5 34.Rg3 Kh8 35.Rxg7 Kxg7 36.Bd4+ Kh6 37.Bf6 Rb4
38.Ng5 Rxf4 39.Qd2 Rg4+ 40.Kh1 Nxg5 41.Bxg5+ Rxg5 42.Rg1 Bg4 43.h4 Qf5 44.Qxg5+ Qxg5
45.hxg5+ Kxg5 46.Ne4+ Kxh5 47.Nxd6 Bf3+ 48.Kh2 Bxd5 49.Re1 Kg4 50.Rc1 Rf6  0-1

[Event "Alushta Summer 3 2016"]
[Site "Alushta UKR"]
[Date "2016.06.15"]
[Round "3.3"]
[White "Shtyrenkov,V"]
[Black "Andreev,Ed UKR"]
[Result "1/2-1/2"]
[WhiteElo "2293"]
[BlackElo "2455"]

1.d4 Nf6 2.c4 e6 3.Nf3 c5 4.d5 exd5 5.cxd5 d6 6.Nc3 g6 7.Bf4 a6 8.a4 Bg7
9.h3 O-O 10.e3 Qe7 11.Be2 Nbd7 12.O-O Ne8 13.a5 Rb8 14.Nd2 Ne5 15.Na4 Bd7
16.Nb6 Bb5 17.Re1 f5 18.Qb3 Bxe2 19.Rxe2 Nc7 20.Ndc4 Nxc4 21.Nxc4 Nb5 22.Rae1 g5
23.Bh2 Rbe8 24.Qd3 Qf6 25.Kh1 Qg6 26.f3 Rf7 27.Rf1 Rfe7 28.Ref2 Qf6 29.g4 f4
30.e4 Qg6  1/2-1/2

[Event "ch-PHI 2016"]
[Site "Manila PHI"]
[Date "2016.06.20"]
[Round "1.6"]
[White "Laylo,D"]
[Black "Gotel,Michael"]
[Result "1/2-1/2"]
[WhiteElo "2457"]
[BlackElo "2238"]

1.d4 Nf6 2.c4 c5 3.d5 e6 4.Nc3 exd5 5.cxd5 d6 6.Nf3 g6 7.Bf4 a6 8.a4 Bg7
9.h3 O-O 10.e3 Nh5 11.Bh2 f5 12.Be2 f4 13.e4 Nd7 14.O-O b6 15.Re1 Ra7 16.Rb1 Ne5
17.Nxe5 Bxe5 18.Bg4 Bxg4 19.Qxg4 Nf6 20.Qh4 Nd7 21.Qg4 Nf6 22.Qh4 Nd7 23.Qg4  1/2-1/2

[Event "Albena Open 2016"]
[Site "Albena BUL"]
[Date "2016.06.21"]
[Round "4.12"]
[White "Smirnov,Arte"]
[Black "Yakimenko,Alex"]
[Result "1-0"]
[WhiteElo "2416"]
[BlackElo "2217"]

1.d4 e6 2.c4 Nf6 3.Nf3 c5 4.d5 exd5 5.cxd5 d6 6.Nc3 g6 7.g3 Bg7 8.Bg2 O-O
9.O-O Re8 10.Bf4 a6 11.a4 Nh5 12.Bg5 f6 13.Bd2 Bf8 14.a5 Nd7 15.Na4 Rb8 16.Bc3 Qe7
17.Re1 b5 18.axb6 Nxb6 19.Nxb6 Rxb6 20.Nd2 Qf7 21.e4 Ng7 22.f4 Rb8 23.Nc4 Bb7
24.Qd2 Red8 25.Rad1 Ne8 26.e5 dxe5 27.fxe5 fxe5 28.Rf1 Qe7 29.Bxe5 Bg7 30.Bxb8 Bd4+
31.Kh1 Rxb8 32.Qf4 Rd8 33.Rde1 Qg7 34.d6 Nf6 35.Re7 Bxg2+ 36.Kxg2 Qf8 37.g4 h6
38.g5 hxg5 39.Qxg5 Rxd6 40.Qxg6+ Kh8 41.Nxd6  1-0

[Event "43rd ch-IND w Challengers"]
[Site "Chennai IND"]
[Date "2016.06.22"]
[Round "8.1"]
[White "Vijayalakshmi,S"]
[Black "Divya,Lakshmi R"]
[Result "1-0"]
[WhiteElo "2384"]
[BlackElo "1914"]

1.d4 Nf6 2.c4 c5 3.d5 e6 4.Nc3 exd5 5.cxd5 d6 6.Nf3 g6 7.Nd2 Nbd7 8.e4 a6
9.a4 Bg7 10.Be2 O-O 11.O-O Re8 12.Qc2 Rb8 13.Re1 h6 14.Ra3 Ne5 15.h3 g5 16.Nf1 g4
17.hxg4 Nfxg4 18.Nd1 Ng6 19.Ng3 Qh4 20.Bxg4 Bxg4 21.Ne3 Ne7 22.Nxg4 Qxg4
23.Nf1 Ng6 24.Rg3 Qd7 25.Ne3 Re5 26.Nf5 Rbe8 27.Nxg7 Kxg7 28.f4 Rxd5 29.Qc3+ Rd4
30.f5 Re5 31.fxg6 fxg6 32.Bf4  1-0

[Event "Mitropa Cup 2016"]
[Site "Prague CZE"]
[Date "2016.06.22"]
[Round "4.2"]
[White "Babula,V"]
[Black "Srbis,J"]
[Result "1-0"]
[WhiteElo "2549"]
[BlackElo "2422"]

1.d4 Nf6 2.c4 e6 3.Nf3 c5 4.d5 exd5 5.cxd5 d6 6.Nc3 g6 7.Nd2 Bg7 8.e4 O-O
9.Be2 Re8 10.O-O a6 11.a4 Nbd7 12.Qc2 Rb8 13.Ra3 Qc7 14.a5 h5 15.h3 Nh7 16.Kh1 Bd4
17.f4 Ndf6 18.Bd3 Qe7 19.e5 dxe5 20.f5 e4 21.fxg6 fxg6 22.Ndxe4 Nxe4 23.Nxe4 Bf5
24.d6 Qg7 25.Nxc5 Bxc5 26.Qxc5 Rbc8 27.Qb4 Nf6 28.Bxf5 gxf5 29.Bf4 h4 30.Rc3 Ne4
31.Rc7 Rxc7 32.dxc7 Qd7 33.Qc4+ Kh7 34.Kh2 Rc8 35.Rd1  1-0

[Event "Albena Open 2016"]
[Site "Albena BUL"]
[Date "2016.06.25"]
[Round "8.8"]
[White "Smirnov,Arte"]
[Black "Dimov,Di"]
[Result "1-0"]
[WhiteElo "2416"]
[BlackElo "2255"]

1.d4 Nf6 2.c4 c5 3.d5 e6 4.Nc3 exd5 5.cxd5 d6 6.Nf3 g6 7.g3 Bg7 8.Bg2 O-O
9.O-O Re8 10.Bf4 Ne4 11.Rc1 Nxc3 12.bxc3 b5 13.Re1 a5 14.h4 b4 15.Qd2 Ra7
16.Bg5 Qb6 17.Bh6 Bh8 18.Ng5 Rae7 19.h5 Nd7 20.hxg6 hxg6 21.Bh3 Ne5 22.Bxc8 Rxc8
23.Qf4 Rce8 24.Kg2 Qa7 25.c4 Qd7 26.Rh1 f6 27.Ne6 Rh7 28.g4 Rxe6 29.dxe6 Qxe6
30.Bf8 Rxh1 31.Rxh1 Nf7 32.Bh6 Qxe2 33.Rh3 Qe6 34.Qf3 Qc8 35.Qe4 Bg7 36.Bxg7 Kxg7
37.Rg3 a4 38.f4 Qd8 39.Kf2 Qd7 40.g5 fxg5 41.fxg5 Qf5+ 42.Qxf5 gxf5 43.Ke3 Kg6
44.Kf4 Ne5 45.Rh3 Nxc4 46.Rh6+ Kg7 47.Kxf5  1-0

[Event "43rd ch-IND w Challengers"]
[Site "Chennai IND"]
[Date "2016.06.25"]
[Round "11.7"]
[White "Pratyusha,B"]
[Black "Divya,Lakshmi R"]
[Result "1-0"]
[WhiteElo "2346"]
[BlackElo "1914"]

1.d4 Nf6 2.c4 c5 3.d5 e6 4.Nc3 exd5 5.cxd5 d6 6.Nf3 g6 7.Bf4 a6 8.a4 Bg7
9.h3 O-O 10.e3 Qe7 11.Be2 Nbd7 12.O-O Re8 13.Nd2 Ne5 14.a5 h6 15.Bh2 Rb8
16.Re1 Qc7 17.Bf1 Nh5 18.e4 Kh7 19.f4 Nd7 20.e5 dxe5 21.Nc4 e4 22.Nxe4 Bd4+
23.Kh1 b5 24.axb6 Nxb6 25.f5 Nf4 26.Nf6+ Bxf6 27.Rxe8 Nxc4 28.Bxc4 Rxb2 29.Qf1 g5
30.Bxf4 gxf4 31.Rae1 Bd7 32.Rf8 Bxf5 33.Bd3 Bxd3 34.Qxd3+ Kg7 35.Ree8 Bd4
36.Qf5 f6 37.Rg8+ Kf7 38.Qh7+  1-0

[Event "Saif Powertec Open 2016"]
[Site "Dhaka BAN"]
[Date "2016.06.25"]
[Round "2.17"]
[White "Sarbojit Paul"]
[Black "Hossain,P"]
[Result "1-0"]
[WhiteElo "1882"]
[BlackElo "2148"]

1.d4 Nf6 2.c4 c5 3.d5 e6 4.Nf3 exd5 5.cxd5 d6 6.Nc3 g6 7.Bf4 a6 8.a4 Bg7
9.e4 O-O 10.Bd3 Nh5 11.Be3 b6 12.Nd2 Nd7 13.O-O Nhf6 14.f4 Rb8 15.h3 Re8
16.Qf3 Bb7 17.Bf2 Qc7 18.Rae1 g5 19.Nc4 gxf4 20.Qxf4 Ne5 21.Nxe5 Rxe5 22.Bh4 Ne8
23.Re3 Kh8 24.Qxf7 Qxf7 25.Rxf7 Rh5 26.Bf2 Rh6 27.Ref3 Rf6 28.R3xf6 Bxf6
29.Bg3 Kg8 30.Rd7 Bc8 31.Ra7 Bd4+ 32.Bf2 Bxc3 33.bxc3 Bb7 34.Bg3 b5 35.axb5 axb5
36.Bxb5 Bxd5 37.Bxe8 Bxe4 38.Bf7+ Kh8 39.Bxd6 Rb1+ 40.Kh2 h6 41.Be5+ Kh7
42.Bd5+  1-0

[Event "National Open 2016"]
[Site "Las Vegas USA"]
[Date "2016.06.26"]
[Round "5"]
[White "Foisor,S"]
[Black "Aldama Degurnay,D"]
[Result "1/2-1/2"]
[WhiteElo "2286"]
[BlackElo "2391"]

1.d4 Nf6 2.Nf3 c5 3.d5 e6 4.c4 exd5 5.cxd5 d6 6.Nc3 g6 7.Bf4 Bg7 8.e3 O-O
9.Be2 a6 10.a4 Qe7 11.Nd2 Nbd7 12.O-O Ne8 13.e4 b6 14.Re1 Rb8 15.Bg3 h5 16.h3 h4
17.Bh2 g5 18.f4 gxf4 19.Bxf4 Ne5 20.Nf3 Ng6 21.Bg5 Bf6 22.Qd2 Ng7 23.Bxf6 Qxf6
24.Qh6 Ne8 25.Rf1 Qg7 26.Qg5 f6 27.Qe3 Nc7 28.Rab1 Bd7 29.b4 a5 30.b5 Rbe8
31.Nd2 f5 32.Nc4 f4 33.Qd2 Ne5 34.Nxd6 Bxh3 35.Bf3 Rd8 36.Kh1 Rxd6 37.gxh3 Rg6
38.Ne2 Qd7 39.Nxf4 Rxf4 40.Qxf4 Qxh3+ 41.Qh2 Rg3 42.Bh5  1/2-1/2

[Event "National Open 2016"]
[Site "Las Vegas USA"]
[Date "2016.06.26"]
[Round "5"]
[White "Yim,Tony"]
[Black "Sevillano,E"]
[Result "0-1"]
[WhiteElo "2169"]
[BlackElo "2465"]

1.d4 Nf6 2.c4 c5 3.d5 e6 4.Nc3 exd5 5.cxd5 d6 6.Nf3 g6 7.Bf4 Bg7 8.Qa4+ Bd7
9.Qb3 Qc7 10.e4 O-O 11.Nd2 Nh5 12.Be3 a6 13.a4 f5 14.exf5 gxf5 15.Be2 Be8
16.Nc4 Nd7 17.O-O Bg6 18.Bxh5 Bxh5 19.Bf4 Ne5 20.Bxe5 dxe5 21.d6 Qf7 22.Na5 Qxb3
23.Nxb3 Rfd8 24.Nd5 Rxd6 25.Ne7+ Kh8 26.Nxf5 Rc6 27.Na5 Rc7 28.Rfe1 Bf6 29.Nc4 Re8
30.Nfd6 Rd8 31.Ne4 Bg7 32.a5 Bf7 33.Ncd6 Bb3 34.Re3 c4 35.Rf3 Rf8 36.Nf5 Rd7
37.Ne3 Rxf3 38.gxf3 Bf8 39.Ng4 Rd5 40.Ne3 Rd3 41.Kg2 Bb4 42.Rc1 Rd4 43.Ng4 Rd5
44.Ngf6 Rd8 45.Rg1 Bxa5 46.Kh3 Rf8 47.Kg4 Bc2 48.Kh5 Bd8 49.Nd7 Rxf3  0-1